000
00316nam a2200109Ia 4500
008
201217s9999 xx 000 0 und d
100
_a
Norton, Peter; Socha, John
245
0
_a
Peter Norton's Assembly Language Book For The IBM PC (Software Version)
260
_a
New York
_b
Prentice Hall
300
_a
413
942
_c
BK
999
_c
7805
_d
7805